000 00436nam a2200145Ia 4500
008 100122s9999 xx 000 0 und d
082 _b37979
_a821.09
100 _aसुर्वे नारायण
245 _aसर्व सुर्वे
260 _bआनंदबन प्रकाशन
300 _a624
630 _aसर्व सुर्वे
730 _aसर्व सुर्वे
942 _cBOOK
999 _c420298
_d420295